Online Catalogue and eLibrary

The consequences of modernity / (Record no. 274)

MARC details
000 -LEADER
fixed length control field 00785cam a2200229 a 4500
001 - CONTROL NUMBER
control field 3401163
005 - DATE AND TIME OF LATEST TRANSACTION
control field 20240202020911.0
008 - FIXED-LENGTH DATA ELEMENTS--GENERAL INFORMATION
fixed length control field 890713s1990 caua b 000 0 eng
020 ## - INTERNATIONAL STANDARD BOOK NUMBER
ISBN 0804717621 (alk. paper)
040 ## - CATALOGING SOURCE (பட்டியலாக்க மூலம்)
Original cataloging agency DLC
Transcribing agency DLC
Modifying agency DLC
082 00 - DDC Classification
Class No. 303.44
DDC Edition Number 20
Item Number - Author Mark GIDD.
100 1# - MAIN ENTRY--PERSONAL NAME
Personal name Giddens, Anthony.
245 14 - TITLE STATEMENT
Title The consequences of modernity /
Statement of responsibility, etc. Anthony Giddens.
260 ## - PUBLICATION, DISTRIBUTION, ETC.
Place of publication, distribution, etc. Stanford, Calif. :
Name of publisher, distributor, etc. Stanford University Press,
Date of publication, distribution, etc. 1990.
300 ## - PHYSICAL DESCRIPTION
Extent (e.g. Volumes, Pages etc.) ix, 186 p. :
500 ## - GENERAL NOTE
General note Based on the Raymond Fred West memorial lectures which the author delivered at Stanford University in April 1988.
650 #0 - SUBJECT ADDED ENTRY--TOPICAL TERM
Topical term or geographic name entry element Social structure.
650 #0 - SUBJECT ADDED ENTRY--TOPICAL TERM
Topical term or geographic name entry element Civilization, Modern.
650 #0 - SUBJECT ADDED ENTRY--TOPICAL TERM
Topical term or geographic name entry element Postmodernism.
856 42 - ELECTRONIC LOCATION AND ACCESS
Uniform Resource Identifier <a href="http://www.loc.gov/catdir/enhancements/fy0827/89062426-d.html">http://www.loc.gov/catdir/enhancements/fy0827/89062426-d.html</a>
942 ## - Koha item type (Biblio)
Koha item type Books in Stacks (Lending)
Holdings
Lost status Damaged status Collection code Home library Current library Date acquired Full call number Accession Number Item type
    Lending WERC Library WERC Library 02/02/2024 303.44 GIDD. 4177 Books in Stacks (Lending)

© WERC Library